[Event "SVK-ch op"]
[Site "Ruzomberok"]
[Date "2019.07.05"]
[Round "7"]
[White "Bemak, Mikhail"]
[Black "Baleja, Marian"]
[Result "0-1"]
[WhiteElo "2102"]
[BlackElo "1951"]
[PlyCount "162"]
[EventDate "2019.06.29"]
[EventType "swiss"]
[EventRounds "9"]
[EventCountry "SVK"]
[SourceTitle "CBM 191 Extra"]
[Source "ChessBase"]
[SourceDate "2019.09.30"]
[SourceVersion "1"]
[SourceVersionDate "2019.09.30"]
[SourceQuality "1"]

1. d4 d5 2. c4 c6 3. Nf3 Nf6 4. Nc3 dxc4 5. a4 Bf5 6. e3 e6 7. Bxc4 Bb4 8. 0-0 0-0 9. Qe2 Nbd7 10. e4 Bg6 11. e5 Nd5 12. Nxd5 cxd5 13. Bd3 Bxd3 14. Qxd3 Be7 15. Bd2 Rc8 16. Rfc1 Nb8 17. b4 Rxc1+ 18. Rxc1 Nc6 19. Qb5 Qd7 20. a5 a6 21. Qa4 Rd8 22. Qb3 Na7 23. Ne1 Rc8 24. Rxc8+ Qxc8 25. Qc2 Qxc2 26. Nxc2 Nc6 27. Kf1 f6 28. f4 g5 29. g3 Kf7 30. Ke2 Kg6 31. Kf3 gxf4 32. gxf4 Kh5 33. Be1 fxe5 34. dxe5 Bh4 35. Bd2 Bd8 36. Be1 b6 37. axb6 Bxb6 38. Bd2 Kh4 39. Be1+ Kh3 40. Bg3 Nd4+ 41. Nxd4 Bxd4 42. f5 Bc3 43. fxe6 Bxb4 44. Be1 Be7 45. Ba5 Kh4 46. Kf4 Kh5 47. Ke3 Bc5+ 48. Kd3 Kg6 49. Bd8 Kg7 50. Bc7 Kg6 51. Bd6 Bg1 52. h3 Bb6 53. Kc3 Kg7 54. Kb4 Kg8 55. Ka4 h5 56. Kb4 Kg7 57. Kc3 Kg6 58. Kd3 Bg1 59. Ke2 Bd4 60. Kf3 a5 61. Kf4 Bb2 62. Ke3 a4 63. e7 Kf7 64. e6+ Ke8 65. Kd3 Bf6 66. Ba3 Bxe7 67. Bc1 Bc5 68. Bg5 a3 69. Kc2 Bd4 70. Kb3 Bb2 71. Kc2 d4 72. Kb3 d3 73. h4 Kf8 74. e7+ Kf7 75. Ka2 Bf6 76. Bd2 Bxe7 77. Kb3 Ke6 78. Kc3 Bxh4 79. Bc1 Bf6+ 80. Kb3 Bb2 81. Bg5 Kf5 0-1

[Event "SVK-chT2D 1718"]
[Site "Slovakia"]
[Date "2017.11.25"]
[Round "3.2"]
[White "Harvan, Richard"]
[Black "Bemak, Mikhail"]
[Result "0-1"]
[WhiteElo "2075"]
[BlackElo "2095"]
[PlyCount "72"]
[EventDate "2017.10.28"]
[EventType "team-tourn"]
[EventRounds "11"]
[EventCountry "SVK"]
[SourceTitle "EXT 2019"]
[Source "ChessBase"]
[SourceDate "2018.10.10"]
[SourceVersion "1"]
[SourceVersionDate "2018.10.10"]
[SourceQuality "1"]
[WhiteTeam "Kosice Slavia TU IV"]
[BlackTeam "Velke Kapusany"]
[WhiteTeamCountry "SVK"]
[BlackTeamCountry "SVK"]

1. e4 c5 2. Nf3 Nc6 3. Nc3 d6 4. d4 cxd4 5. Nxd4 Nf6 6. Bc4 e6 7. 0-0 Be7 8. Nxc6 bxc6 9. e5 dxe5 10. Qf3 Bb7 11. Qg3 Qc7 12. Be3 Kf8 13. f4 e4 14. Rad1 h5 15. Qh3 g6 16. Bd4 c5 17. Be5 Qb6 18. b3 Rh7 19. Rfe1 Rd8 20. Rxd8+ Qxd8 21. Rd1 Qb6 22. Qe3 a6 23. h3 Qc6 24. Rd2 h4 25. Kh2 Rh5 26. Re2 Nd7 27. Nxe4 Nxe5 28. fxe5 Rxe5 29. Qh6+ Kg8 30. Bd3 c4 31. bxc4 Rf5 32. Qc1 Qc7+ 33. Kh1 Rf4 34. Rf2 Rxe4 35. Bxe4 Bxe4 36. Qf1 Qg3 0-1

[Event "SVK-chT2D 1617"]
[Site "Slovakia"]
[Date "2016.12.03"]
[Round "5.2"]
[White "Rajnak, Daniel"]
[Black "Bemak, Mikhail"]
[Result "1/2-1/2"]
[WhiteElo "2126"]
[BlackElo "2109"]
[PlyCount "45"]
[EventDate "2016.10.08"]
[EventType "team-tourn"]
[EventRounds "11"]
[EventCountry "SVK"]
[SourceTitle "EXT 2018"]
[Source "ChessBase"]
[SourceDate "2017.10.13"]
[SourceVersion "1"]
[SourceVersionDate "2017.10.13"]
[SourceQuality "1"]
[WhiteTeam "Humenne Reinter II"]
[BlackTeam "Velke Kapusany"]
[WhiteTeamCountry "SVK"]
[BlackTeamCountry "SVK"]

1. d4 Nf6 2. Nf3 b5 3. e3 a6 4. Be2 Bb7 5. 0-0 e6 6. a3 c5 7. dxc5 Bxc5 8. b4 Be7 9. c4 bxc4 10. Bxc4 0-0 11. Nbd2 d6 12. Nb3 Nc6 13. Bb2 Qb6 14. Be2 Rfd8 15. Rc1 Rac8 16. Nfd2 Qa7 17. Nc4 e5 18. Nca5 Nxa5 19. Nxa5 Be4 20. Bd3 Rxc1 21. Bxc1 Rc8 22. Bb2 Qa8 23. f3 1/2-1/2

[Event "SVK-chT2D 1516"]
[Site "Slovakia"]
[Date "2016.03.13"]
[Round "11.2"]
[White "Demeter, Peter"]
[Black "Bemak, Mikhail"]
[Result "1/2-1/2"]
[WhiteElo "2196"]
[BlackElo "2143"]
[PlyCount "46"]
[EventDate "2015.10.17"]
[EventType "team-tourn"]
[EventRounds "11"]
[EventCountry "SVK"]
[SourceTitle "EXT 2017"]
[Source "ChessBase"]
[SourceDate "2016.10.25"]
[SourceVersion "1"]
[SourceVersionDate "2016.10.25"]
[SourceQuality "1"]
[WhiteTeam "Presov Tatran"]
[BlackTeam "Velke Kapusany"]
[WhiteTeamCountry "SVK"]
[BlackTeamCountry "SVK"]

1. c4 c5 2. Nf3 Nf6 3. g3 d5 4. cxd5 Nxd5 5. Bg2 Nc6 6. 0-0 e5 7. d3 Be7 8. Nc3 Be6 9. Nxd5 Bxd5 10. Be3 0-0 11. Qa4 Rc8 12. Rfc1 b6 13. a3 Qd6 14. Nd2 Bxg2 15. Kxg2 f5 16. Qc4+ Kh8 17. f3 h6 18. Rab1 Qd7 19. Rc2 Bf6 20. Qb5 Qe6 21. Qc4 Qd7 22. Qb5 Qe6 23. Qc4 Qd7 1/2-1/2

[Event "SVK-chT2D 14/15"]
[Site "Slovakia"]
[Date "2015.02.15"]
[Round "9.2"]
[White "Demeter, Peter"]
[Black "Bemak, Mikhail"]
[Result "0-1"]
[WhiteElo "2199"]
[BlackElo "2180"]
[PlyCount "68"]
[EventDate "2014.10.11"]
[EventType "team-tourn"]
[EventRounds "11"]
[EventCountry "SVK"]
[SourceTitle "EXT 2019"]
[Source "ChessBase"]
[SourceDate "2018.10.10"]
[SourceVersion "1"]
[SourceVersionDate "2018.10.10"]
[SourceQuality "1"]
[WhiteTeam "Sabinov II"]
[BlackTeam "Velke Kapusany Energetik"]
[WhiteTeamCountry "SVK"]
[BlackTeamCountry "SVK"]

1. c4 c5 2. Nf3 Nf6 3. g3 d5 4. cxd5 Nxd5 5. Bg2 Nc6 6. Nc3 Nc7 7. 0-0 e5 8. b3 Be7 9. Ba3 0-0 10. Rc1 f6 11. Qc2 Qd7 12. Na4 b6 13. Rfd1 Bb7 14. e3 Ne6 15. Nc3 f5 16. Ne2 Rac8 17. Bb2 Ba6 18. Bf1 Bd3 19. Qc3 Bf6 20. Ned4 cxd4 21. Qxd3 e4 22. Qb5 exf3 23. Qxf5 Be5 24. Qg4 Bf6 25. Bb5 Qd6 26. a4 Rc7 27. Qh5 g6 28. Qg4 Na5 29. exd4 Rxc1 30. Rxc1 Bxd4 31. Bxd4 Nxd4 32. Rc8 Kg7 33. h4 Nxb5 34. axb5 Qxd2 0-1

[Event "SVK-chT2D 14/15"]
[Site "Slovakia"]
[Date "2015.02.14"]
[Round "8.2"]
[White "Bemak, Mikhail"]
[Black "Veselovsky, Jan"]
[Result "0-1"]
[WhiteElo "2180"]
[BlackElo "2058"]
[PlyCount "72"]
[EventDate "2014.10.11"]
[EventType "team-tourn"]
[EventRounds "11"]
[EventCountry "SVK"]
[SourceTitle "EXT 2019"]
[Source "ChessBase"]
[SourceDate "2018.10.10"]
[SourceVersion "1"]
[SourceVersionDate "2018.10.10"]
[SourceQuality "1"]
[WhiteTeam "Velke Kapusany Energetik"]
[BlackTeam "Bardejov BSK"]
[WhiteTeamCountry "SVK"]
[BlackTeamCountry "SVK"]

1. d4 d5 2. c4 c6 3. Nc3 Nf6 4. Nf3 e6 5. e3 Nbd7 6. Bd3 dxc4 7. Bxc4 b5 8. Bd3 Bd6 9. e4 e5 10. 0-0 0-0 11. Bg5 Bb7 12. Bc2 Re8 13. Re1 h6 14. Bh4 a6 15. Qe2 exd4 16. Nxd4 Qc7 17. Bg3 Bxg3 18. hxg3 b4 19. Na4 c5 20. Nf5 Bxe4 21. Bxe4 Rxe4 22. Qf3 Rae8 23. Red1 R8e6 24. Rac1 c4 25. Nd4 Ne5 26. Qf5 Rd6 27. Nf3 Nd3 28. Rb1 Rd5 29. Qh3 c3 30. bxc3 bxc3 31. Nb6 Rh5 32. Rxd3 Rxh3 33. gxh3 c2 34. Rc1 Qxb6 35. Nd2 Re2 36. Rf1 Rxf2 0-1

[Event "SVK-chT2D 14/15"]
[Site "Slovakia"]
[Date "2014.10.12"]
[Round "2.5"]
[White "Bemak, Mikhail"]
[Black "Novotny, Adam"]
[Result "1-0"]
[WhiteElo "2180"]
[BlackElo "1864"]
[PlyCount "63"]
[EventDate "2014.10.11"]
[EventType "team-tourn"]
[EventRounds "11"]
[EventCountry "SVK"]
[SourceTitle "EXT 2019"]
[Source "ChessBase"]
[SourceDate "2018.10.10"]
[SourceVersion "1"]
[SourceVersionDate "2018.10.10"]
[SourceQuality "1"]
[WhiteTeam "Velke Kapusany Energetik"]
[BlackTeam "Presov Slavia PU"]
[WhiteTeamCountry "SVK"]
[BlackTeamCountry "SVK"]

1. c4 Nf6 2. Nc3 g6 3. d4 Bg7 4. e4 0-0 5. Be3 d6 6. f3 a6 7. Qd2 Nbd7 8. Bh6 c5 9. Bxg7 Kxg7 10. d5 b5 11. cxb5 Qa5 12. bxa6 Bxa6 13. Bxa6 Qxa6 14. Nge2 Rfb8 15. 0-0 Ne5 16. Rab1 Nc4 17. Qc1 Nd7 18. f4 Rb7 19. Ng3 Rab8 20. Rf2 h5 21. e5 dxe5 22. f5 h4 23. Nge4 gxf5 24. Rxf5 Rxb2 25. Rxb2 Rxb2 26. Qf1 Nf6 27. d6 Rb6 28. dxe7 Ne8 29. Rxf7+ Kh6 30. Nxc5 Qa3 31. Qxc4 Rb4 32. Qe6+ 1-0

[Event "SVK-chT2D 1314"]
[Site "Slovakia"]
[Date "2014.01.12"]
[Round "6.2"]
[White "Bemak, Mikhail"]
[Black "Lyocsa, Stefan"]
[Result "1-0"]
[WhiteElo "2147"]
[BlackElo "2150"]
[PlyCount "65"]
[EventDate "2013.10.19"]
[EventType "team-tourn"]
[EventRounds "11"]
[EventCountry "SVK"]
[SourceTitle "EXT 2015"]
[Source "ChessBase"]
[SourceDate "2014.11.20"]
[SourceVersion "1"]
[SourceVersionDate "2014.11.20"]
[SourceQuality "1"]
[WhiteTeam "Velke Kapusany"]
[BlackTeam "Kosice Slavia TU IV"]
[WhiteTeamCountry "SVK"]
[BlackTeamCountry "SVK"]

1. d4 Nf6 2. c4 g6 3. Nf3 Bg7 4. g3 c5 5. d5 0-0 6. Nc3 d6 7. Bg2 e6 8. 0-0 exd5 9. cxd5 Na6 10. Re1 Nc7 11. a4 Rb8 12. Nd2 Nd7 13. h3 b6 14. f4 b5 15. Nxb5 Nxb5 16. axb5 Rxb5 17. Rxa7 Qb6 18. Ra2 Rb4 19. Kh2 Ba6 20. Qc2 Rc8 21. b3 c4 22. bxc4 Bxc4 23. Ba3 Ba6 24. Qd1 Rb5 25. Ne4 Nc5 26. Bxc5 dxc5 27. Qa4 Ra8 28. d6 Rb4 29. Qa3 Kf8 30. Rc1 Bb2 31. Rxb2 Rxb2 32. Qc3 f5 33. Qh8+ 1-0

[Event "SVK-chT2D 1314"]
[Site "Slovakia"]
[Date "2013.11.24"]
[Round "4.2"]
[White "Bemak, Mikhail"]
[Black "Harvan, Richard"]
[Result "1-0"]
[WhiteElo "2147"]
[BlackElo "2072"]
[PlyCount "89"]
[EventDate "2013.10.19"]
[EventType "team-tourn"]
[EventRounds "11"]
[EventCountry "SVK"]
[SourceTitle "EXT 2015"]
[Source "ChessBase"]
[SourceDate "2014.11.20"]
[SourceVersion "1"]
[SourceVersionDate "2014.11.20"]
[SourceQuality "1"]
[WhiteTeam "Velke Kapusany"]
[BlackTeam "Kosice Tahanovce"]
[WhiteTeamCountry "SVK"]
[BlackTeamCountry "SVK"]

1. c4 c5 2. Nc3 g6 3. Nf3 Bg7 4. g3 Nc6 5. Bg2 d6 6. 0-0 Nh6 7. h3 Nf5 8. e3 h5 9. b3 0-0 10. Bb2 Rb8 11. Qe2 a6 12. Rab1 b5 13. d3 bxc4 14. dxc4 Bb7 15. Rbd1 Ne5 16. Nxe5 Bxe5 17. Nd5 Bxd5 18. Rxd5 Bxb2 19. Qxb2 e6 20. Rd2 Qe7 21. Rfd1 Rb6 22. Qc3 Rfb8 23. Be4 Ng7 24. f4 f5 25. Bf3 Kh7 26. Kg2 Rg8 27. Rh1 Ne8 28. Qa5 Qc7 29. g4 e5 30. Bd5 Rg7 31. Rf1 e4 32. Kh1 Nf6 33. gxf5 gxf5 34. Be6 Rg3 35. Bxf5+ Kh6 36. Rg2 Rxg2 37. Kxg2 d5 38. cxd5 Nxd5 39. Kf2 Qd8 40. Rg1 Qh4+ 41. Ke2 Rd6 42. Qxc5 Qe7 43. Qc8 Qf6 44. Rg6+ Qxg6 45. Qh8+ 1-0

[Event "SVK-chT2D 1314"]
[Site "Slovakia"]
[Date "2013.11.23"]
[Round "3.2"]
[White "Istona, Martin"]
[Black "Bemak, Mikhail"]
[Result "1-0"]
[WhiteElo "2101"]
[BlackElo "2147"]
[PlyCount "81"]
[EventDate "2013.10.19"]
[EventType "team-tourn"]
[EventRounds "11"]
[EventCountry "SVK"]
[SourceTitle "EXT 2015"]
[Source "ChessBase"]
[SourceDate "2014.11.20"]
[SourceVersion "1"]
[SourceVersionDate "2014.11.20"]
[SourceQuality "1"]
[WhiteTeam "Sabinov II"]
[BlackTeam "Velke Kapusany"]
[WhiteTeamCountry "SVK"]
[BlackTeamCountry "SVK"]

1. e4 c5 2. Nf3 Nc6 3. d4 cxd4 4. Nxd4 Nf6 5. Nc3 d6 6. Bg5 e5 7. Ndb5 a6 8. Na3 b5 9. Nd5 h6 10. Bxf6 gxf6 11. Bxb5 axb5 12. Nxb5 Qa5+ 13. c3 Kd8 14. a4 Rb8 15. b4 Qa6 16. Ndc7 Qb7 17. Nxd6 Bxd6 18. Qxd6+ Bd7 19. Nd5 Re8 20. Rd1 Re6 21. Qf8+ Be8 22. Nf4+ Nd4 23. Nxe6+ fxe6 24. 0-0 Qe7 25. Qxh6 Bxa4 26. Rd2 Bc6 27. cxd4 Bxe4 28. dxe5+ Bd5 29. Qxf6 Rxb4 30. Qh8+ Kd7 31. Rc1 Qd8 32. Qg7+ Ke8 33. h3 Rb7 34. Qxb7 Bxb7 35. Rxd8+ Kxd8 36. f4 Be4 37. Kf2 Kd7 38. g4 Ke7 39. Ke3 Bg2 40. h4 Kf7 41. h5 1-0

[Event "SVK-chT2D 1112"]
[Site "Slovakia"]
[Date "2012.02.26"]
[Round "11.2"]
[White "Tropp, Frantisek"]
[Black "Bemak, Mikhail"]
[Result "0-1"]
[WhiteElo "2091"]
[BlackElo "2122"]
[PlyCount "68"]
[EventDate "2011.10.08"]
[EventType "team-tourn"]
[EventRounds "11"]
[EventCountry "SVK"]
[SourceTitle "EXT 2013"]
[Source "ChessBase"]
[SourceDate "2012.11.22"]
[SourceVersion "1"]
[SourceVersionDate "2012.11.22"]
[SourceQuality "1"]
[WhiteTeam "Kezmarok KdV II"]
[BlackTeam "Velke Kapusany"]
[WhiteTeamCountry "SVK"]
[BlackTeamCountry "SVK"]

1. e4 c5 2. c3 d5 3. exd5 Qxd5 4. d4 cxd4 5. cxd4 Nf6 6. Nf3 e6 7. Be2 Be7 8. Nc3 Qd6 9. Ne5 0-0 10. 0-0 Rd8 11. Be3 a6 12. Bf3 Nbd7 13. Nc4 Qc7 14. Qb3 Rb8 15. a4 b6 16. Rac1 Bb7 17. Bxb7 Rxb7 18. Rfd1 Ng4 19. g3 Nxe3 20. Nxe3 Qb8 21. d5 Nc5 22. Qa2 a5 23. dxe6 Nxe6 24. Ncd5 Bc5 25. Qc4 Qe5 26. Nf4 Nd4 27. Nd3 Qe4 28. Nxc5 bxc5 29. Qxc5 h6 30. Qxa5 Ne2+ 31. Kf1 Qh1+ 32. Kxe2 Rxb2+ 33. Rd2 Rdxd2+ 34. Qxd2 Qxc1 0-1

[Event "SVK-chT2D 1112"]
[Site "Slovakia"]
[Date "2012.01.29"]
[Round "9.4"]
[White "Sedlakova, Ivana"]
[Black "Bemak, Mikhail"]
[Result "0-1"]
[WhiteElo "2081"]
[BlackElo "2122"]
[PlyCount "90"]
[EventDate "2011.10.08"]
[EventType "team-tourn"]
[EventRounds "11"]
[EventCountry "SVK"]
[SourceTitle "EXT 2013"]
[Source "ChessBase"]
[SourceDate "2012.11.22"]
[SourceVersion "1"]
[SourceVersionDate "2012.11.22"]
[SourceQuality "1"]
[WhiteTeam "Presov Slavia PU"]
[BlackTeam "Velke Kapusany"]
[WhiteTeamCountry "SVK"]
[BlackTeamCountry "SVK"]

1. d4 Nf6 2. c4 e6 3. Nc3 Bb4 4. Qc2 c5 5. Nf3 cxd4 6. Nxd4 Nc6 7. Nf3 d5 8. cxd5 Nxd5 9. Bd2 0-0 10. a3 Be7 11. e4 Nb6 12. Rd1 Bd7 13. Be2 Rc8 14. 0-0 Na5 15. Qd3 Nac4 16. Bc1 Qc7 17. a4 Rfd8 18. Qb1 Bxa4 19. b3 Bxb3 20. Qxb3 Na5 21. Qa2 Qxc3 22. Bd2 Rxd2 23. Qxd2 Nb3 24. Qxc3 Rxc3 25. Rd3 Rxd3 26. Bxd3 Nc5 27. Bb1 Nba4 28. Rc1 g6 29. g3 a6 30. e5 Kf8 31. Kf1 Ke8 32. Nd4 Kd7 33. Ke2 b5 34. f4 b4 35. g4 Nc3+ 36. Kf3 a5 37. f5 a4 38. fxe6+ fxe6 39. Ne2 Nd5 40. g5 b3 41. h4 a3 42. Nc3 Nxc3 43. Rxc3 Kc6 44. h5 gxh5 45. Bxh7 a2 0-1

[Event "SVK-chT2D 10/11"]
[Site "Slovakia"]
[Date "2011.03.05"]
[Round "8.2"]
[White "Bemak, Mikhail"]
[Black "Jacko, Vladimir"]
[Result "0-1"]
[WhiteElo "2106"]
[BlackElo "2149"]
[PlyCount "96"]
[EventDate "2010.10.23"]
[EventType "team-tourn"]
[EventRounds "11"]
[EventCountry "SVK"]
[SourceTitle "EXT 2019"]
[Source "ChessBase"]
[SourceDate "2018.10.10"]
[SourceVersion "1"]
[SourceVersionDate "2018.10.10"]
[SourceQuality "1"]
[WhiteTeam "Velke Kapusany"]
[BlackTeam "Stara Lubovna"]
[WhiteTeamCountry "SVK"]
[BlackTeamCountry "SVK"]

1. d4 Nf6 2. c4 g6 3. Nc3 Bg7 4. e4 d6 5. f3 0-0 6. Be3 a6 7. Bd3 Nbd7 8. Nge2 c5 9. Qd2 b6 10. 0-0 Bb7 11. Rad1 Rc8 12. b3 Re8 13. d5 Ne5 14. Kh1 Qc7 15. Bb1 b5 16. cxb5 Qa5 17. bxa6 Bxa6 18. Rfe1 Nfd7 19. f4 Ng4 20. Bg1 c4 21. b4 Qxb4 22. h3 Ngf6 23. Nd4 Nc5 24. Nc6 Qa3 25. Re3 Nfd7 26. e5 Nd3 27. Ne2 dxe5 28. fxe5 e6 29. dxe6 Rxe6 30. Nb4 N7xe5 31. Nxa6 Qxa6 32. Bxd3 cxd3 33. Nf4 Rd6 34. Qb4 Rcd8 35. a4 Rd4 36. Qe7 Bf6 37. Qc5 Rc4 38. Rxe5 Rxc5 39. Rxc5 Qxa4 40. Rxd3 Qxf4 41. Rxd8+ Bxd8 42. Rc8 Qf6 43. Bc5 Kg7 44. Kg1 Qa1+ 45. Kf2 Qb2+ 46. Ke3 Qe5+ 47. Kd2 Bg5+ 48. Kd1 Qd5+ 0-1

[Event "SVK-chT2D 10/11"]
[Site "Slovakia"]
[Date "2011.02.06"]
[Round "7.5"]
[White "Fedorko, Martin"]
[Black "Bemak, Mikhail"]
[Result "1/2-1/2"]
[WhiteElo "2031"]
[BlackElo "2106"]
[PlyCount "86"]
[EventDate "2010.10.23"]
[EventType "team-tourn"]
[EventRounds "11"]
[EventCountry "SVK"]
[SourceTitle "EXT 2019"]
[Source "ChessBase"]
[SourceDate "2018.10.10"]
[SourceVersion "1"]
[SourceVersionDate "2018.10.10"]
[SourceQuality "1"]
[WhiteTeam "Kosice Slavia TU V"]
[BlackTeam "Velke Kapusany"]
[WhiteTeamCountry "SVK"]
[BlackTeamCountry "SVK"]

1. e4 e5 2. Nf3 Nc6 3. Bc4 Nf6 4. Ng5 d5 5. exd5 Na5 6. Bb5+ c6 7. dxc6 bxc6 8. Qf3 Bd7 9. Bd3 h6 10. Ne4 Nd5 11. b3 Qc7 12. Bb2 Nf4 13. 0-0 Be7 14. Re1 0-0 15. Ng3 Bd6 16. Bf5 Rfe8 17. Nc3 Rad8 18. Nce4 Bf8 19. Qg4 Kh8 20. Bxd7 Qxd7 21. Qxd7 Rxd7 22. d3 f6 23. Nf5 Kh7 24. Ne3 Kg6 25. Bc3 Nb7 26. Nc4 Nd5 27. Bb2 Nb4 28. Re2 c5 29. Ng3 Red8 30. a3 Nc6 31. Rd2 Nd6 32. Nxd6 Bxd6 33. Ne4 Be7 34. Nc3 Rb7 35. Ne2 c4 36. b4 a5 37. Bc3 axb4 38. axb4 Bxb4 39. Bxb4 Rxb4 40. f3 Rb2 41. Rad1 cxd3 42. cxd3 Rxd2 43. Rxd2 Nd4 1/2-1/2

[Event "SVK-chT2D 10/11"]
[Site "Slovakia"]
[Date "2010.12.04"]
[Round "3.5"]
[White "Cuker, Dusan"]
[Black "Bemak, Mikhail"]
[Result "1/2-1/2"]
[WhiteElo "2078"]
[BlackElo "2106"]
[PlyCount "81"]
[EventDate "2010.10.23"]
[EventType "team-tourn"]
[EventRounds "11"]
[EventCountry "SVK"]
[SourceTitle "EXT 2019"]
[Source "ChessBase"]
[SourceDate "2018.10.10"]
[SourceVersion "1"]
[SourceVersionDate "2018.10.10"]
[SourceQuality "1"]
[WhiteTeam "Sabinov II"]
[BlackTeam "Velke Kapusany"]
[WhiteTeamCountry "SVK"]
[BlackTeamCountry "SVK"]

1. d4 Nf6 2. Nd2 d5 3. Ngf3 e6 4. e3 Bd6 5. Bd3 Nbd7 6. 0-0 0-0 7. e4 dxe4 8. Nxe4 Nxe4 9. Bxe4 Nf6 10. Bd3 h6 11. c3 b6 12. Qe2 Bb7 13. Bd2 c5 14. Rad1 Qc7 15. Ne5 Rfd8 16. Rfe1 cxd4 17. cxd4 Rac8 18. h3 Qe7 19. a3 Bd5 20. Rc1 Rxc1 21. Rxc1 Qb7 22. f3 Rc8 23. Rxc8+ Qxc8 24. Bf4 Bb3 25. Qd2 Bf8 26. Ng4 Nxg4 27. hxg4 Qc6 28. Kf2 a5 29. Bb1 Bd5 30. Qc2 Qxc2+ 31. Bxc2 b5 32. Ke3 b4 33. a4 b3 34. Bd1 Bc4 35. Be2 Bd5 36. Kd3 Bb4 37. Bd2 Kf8 38. Bf1 f6 39. Ke3 Ke7 40. Bd3 Kd6 41. g3 1/2-1/2

[Event "Zalakaros op 29th"]
[Site "Zalakaros"]
[Date "2010.05.30"]
[Round "5"]
[White "Bemak, Mikhail"]
[Black "Szabo, Bence"]
[Result "0-1"]
[WhiteElo "2171"]
[BlackElo "2316"]
[PlyCount "106"]
[EventDate "2010.05.26"]
[EventType "swiss"]
[EventRounds "9"]
[EventCountry "HUN"]
[SourceTitle "CBM 136 Extra"]
[Source "ChessBase"]
[SourceDate "2010.07.02"]
[SourceVersion "2"]
[SourceVersionDate "2010.07.15"]
[SourceQuality "1"]

1. d4 Nf6 2. c4 e6 3. Nc3 Bb4 4. e3 0-0 5. Nge2 d5 6. a3 Be7 7. c5 Nbd7 8. f4 c6 9. Ng3 a5 10. Bd2 b6 11. b4 Ne8 12. Be2 Ba6 13. 0-0 f6 14. Qb1 Bxe2 15. Ncxe2 Nc7 16. Qc2 Ra6 17. Ra2 Qa8 18. Rfa1 Rb8 19. Nc1 Nb5 20. Nd3 Qa7 21. a4 Nc7 22. Rb2 Qa8 23. b5 Ra7 24. Rab1 cxb5 25. c6 Nf8 26. axb5 Ne8 27. f5 Rd8 28. Nf4 Qc8 29. Bc3 Bd6 30. Rf1 Bxf4 31. Rxf4 Nd6 32. Rb1 Re8 33. Bd2 Nc4 34. Bc1 exf5 35. Nxf5 Ne6 36. Rh4 Ng5 37. Qd3 Qe6 38. Rf4 Ne4 39. Rf3 a4 40. Ra1 g6 41. Ng3 Ned6 42. Qf1 Kg7 43. Qd1 Rea8 44. Qd3 a3 45. h4 Nxb5 46. e4 Re8 47. h5 Qxc6 48. exd5 Qxd5 49. hxg6 hxg6 50. Nf5+ gxf5 51. Rg3+ Kh7 52. Kf2 Rg7 53. Rh3+ Kg8 0-1

[Event "Zalakaros op 29th"]
[Site "Zalakaros"]
[Date "2010.05.29"]
[Round "4"]
[White "Goczo, Melinda"]
[Black "Bemak, Mikhail"]
[Result "1-0"]
[WhiteElo "2234"]
[BlackElo "2171"]
[PlyCount "73"]
[EventDate "2010.05.26"]
[EventType "swiss"]
[EventRounds "9"]
[EventCountry "HUN"]
[SourceTitle "CBM 136 Extra"]
[Source "ChessBase"]
[SourceDate "2010.07.02"]
[SourceVersion "2"]
[SourceVersionDate "2010.07.15"]
[SourceQuality "1"]

1. d4 Nf6 2. c4 e6 3. Nc3 Bb4 4. f3 d5 5. a3 Bxc3+ 6. bxc3 0-0 7. e3 b6 8. cxd5 exd5 9. Bd3 Re8 10. Ne2 Bb7 11. 0-0 Nbd7 12. g4 g6 13. Ng3 Nf8 14. Ra2 c5 15. Raf2 Ne6 16. h4 Qc7 17. Rg2 Ng7 18. h5 cxd4 19. cxd4 Rac8 20. Bd2 Qe7 21. Qb3 Rc7 22. Kf2 Bc8 23. h6 Ne6 24. Nf5 gxf5 25. gxf5+ Kh8 26. fxe6 Qxe6 27. Rh1 Rg8 28. Rxg8+ Nxg8 29. Qd1 f5 30. Qg1 Qf6 31. Qg3 Qe7 32. e4 fxe4 33. Bf4 exd3 34. Be5+ Nf6 35. Qg5 Rc2+ 36. Kg3 Rc6 37. Rc1 1-0

[Event "SVK-chT2D 0910"]
[Site "Slovakia"]
[Date "2010.02.27"]
[Round "10.2"]
[White "Bemak, Mikhail"]
[Black "Jurcisin, Imrich"]
[Result "0-1"]
[WhiteElo "2170"]
[BlackElo "2035"]
[PlyCount "258"]
[EventDate "2009.10.10"]
[EventType "team"]
[EventRounds "11"]
[EventCountry "SVK"]
[SourceTitle "EXT 2011"]
[Source "ChessBase"]
[SourceDate "2010.11.26"]
[SourceVersion "1"]
[SourceVersionDate "2010.11.26"]
[SourceQuality "1"]
[WhiteTeam "Velke Kapusany"]
[BlackTeam "Kosice Slavia IV"]
[WhiteTeamCountry "SVK"]
[BlackTeamCountry "SVK"]

1. c4 Nf6 2. Nc3 e6 3. d4 d5 4. Nf3 Be7 5. Bg5 h6 6. Bh4 0-0 7. e3 b6 8. Bd3 Bb7 9. 0-0 Nbd7 10. Rc1 c5 11. Qe2 dxc4 12. Bxc4 Ne4 13. Nxe4 Bxe4 14. Bg3 cxd4 15. Nxd4 Bc5 16. Rfd1 Qe7 17. a3 a5 18. Nb5 Nf6 19. Bd6 Bxd6 20. Rxd6 Qb7 21. f3 Bc6 22. Qd3 Rac8 23. Rd1 Bxb5 24. Bxb5 Nd5 25. e4 Qb8 26. Rd7 Nf6 27. Rd6 Nd5 28. Rd7 Nf6 29. Rd4 Qe5 30. Ba6 Rc7 31. Qb5 Qxb5 32. Bxb5 Rc2 33. R1d2 Rfc8 34. Ba4 Rxd2 35. Rxd2 Kf8 36. Rd6 Rb8 37. Bb5 e5 38. Kf2 Ke7 39. Rc6 Ne8 40. Ke3 Nd6 41. Rc7+ Ke6 42. Bd7+ Kf6 43. g3 Rb7 44. Rxb7 Nxb7 45. f4 Ke7 46. Bc6 Nd8 47. Bd5 Kd6 48. Kd3 f5 49. Kc4 fxe4 50. Bxe4 exf4 51. gxf4 Ne6 52. Kb5 Kc7 53. f5 Nc5 54. Bc2 Nb7 55. Kc4 Kd6 56. Kd4 Nc5 57. b4 axb4 58. axb4 Nd7 59. Be4 Ne5 60. Bg2 Ng4 61. h3 Ne5 62. Be4 Nd7 63. Bg2 Nf6 64. Bf3 Ne8 65. Be2 Nc7 66. Bc4 Ne8 67. Be2 Nf6 68. Bf3 Ng8 69. Bg2 Nf6 70. Bf3 Nh7 71. h4 Nf6 72. Bg2 Nh5 73. Be4 Ng3 74. Bd3 Nh5 75. Be4 Nf6 76. Bf3 Nd7 77. Be4 Ne5 78. Bg2 Ng4 79. Bf3 Nf6 80. Bg2 Ne8 81. Be4 Nc7 82. Bf3 Ke7 83. Ke5 Na6 84. b5 Nc5 85. Be2 Nb3 86. Bc4 Nd2 87. Be2 Nb3 88. Bg4 Nc5 89. Kd5 Nd7 90. Bh3 Nc5 91. Kc6 Na4 92. Bg4 Kf6 93. Bd1 Nb2 94. Bb3 Kxf5 95. Kxb6 Ke5 96. Kc7 Nd3 97. b6 Nc5 98. h5 Nxb3 99. Kc6 Nd4+ 100. Kc5 Ne6+ 101. Kc6 Kd4 102. Kd6 Nc5 103. Ke7 Ke5 104. Kf7 Kf5 105. Kxg7 Kg5 106. Kf7 Kxh5 107. Kf6 Kg4 108. Ke7 h5 109. Kd6 Na6 110. Kc6 h4 111. b7 h3 112. Kb6 Nb8 113. Kc7 h2 114. Kxb8 h1Q 115. Ka7 Qa1+ 116. Kb6 Qb2+ 117. Ka7 Qa3+ 118. Kb6 Qb4+ 119. Kc7 Qc5+ 120. Kd8 Qd6+ 121. Kc8 Qc6+ 122. Kb8 Kf5 123. Ka7 Qc7 124. Ka8 Qa5+ 125. Kb8 Ke6 126. Kc8 Qc5+ 127. Kb8 Kd6 128. Ka8 Qa5+ 129. Kb8 Kc6 0-1